| 000 | 01666cam a2200505 a 4500 | ||
|---|---|---|---|
| 999 |
_c23220 _d23220 |
||
| 001 | vtls011628226 | ||
| 005 | 20220427112603.0 | ||
| 008 | 200228s2016 xo f n 001 e slo | ||
| 020 |
_a9788089727711 _q(viaz.) |
||
| 035 | _aurn:nbn:sk:snk-am00d9z3 | ||
| 035 | _aurn:nbn:sk:snk-am3hv0e | ||
| 035 | _a263E2BCF-507E-4D21-A703-85AC222EA1F6 | ||
| 040 |
_aVTHK _bslo _cVTHK _dSNK _eAACR2 |
||
| 041 | 0 |
_aslo _beng |
|
| 044 |
_axo _cSK |
||
| 072 | 7 |
_a14(3) _xAntická, staroveká filozofia _2konspekt |
|
| 072 | 7 |
_a821.09 _xLiteratúra v rôznych jazykoch (o nej) _2konspekt |
|
| 080 |
_a14(37/38) _22011 |
||
| 080 |
_a165.72 _22011 |
||
| 080 |
_a17 _22011 |
||
| 080 |
_a613.26 _22011 |
||
| 080 |
_a(0:82-4) _22011 |
||
| 080 |
_a821(37/38) _22001 |
||
| 100 | 1 |
_aHajko, Dalimír, _d1944- _92968 |
|
| 245 | 1 |
_aAntické provokácie _cDalimír Hajko |
|
| 250 | _a1. vyd. | ||
| 260 |
_aBratislava _bSpolok slovenských spisovateľov _c2016 |
||
| 300 |
_a166 s. _c18 cm |
||
| 546 | _aRes. angl. | ||
| 650 | 0 | 7 |
_askepticizmus _2SNKPH _92969 |
| 650 | 0 | 7 |
_aetika _2SNKPH _92970 |
| 650 | 0 | 7 |
_aAncient philosophy _2SNKPHeng _92971 |
| 650 | 0 | 7 |
_aantická filozofia _2SNKPH _92972 |
| 650 | 0 | 7 |
_avegetariánstvo _2SNKPH _92973 |
| 650 | 0 | 7 |
_aEthics _2SNKPHeng _92974 |
| 650 | 0 | 7 |
_aVegetarianism _2SNKPHeng _92975 |
| 650 | 0 | 7 |
_aScepticism _2SNKPHeng _92976 |
| 650 | 0 | 7 |
_aantická literatúra _2SNKPH _92977 |
| 650 | 0 | 7 |
_aClassical literature _2SNKPHeng _92978 |
| 655 | 7 |
_aeseje _2SNKPH _92822 |
|
| 655 | 7 |
_aEssays _2SNKPHeng _91704 |
|
| 850 | _bKIS3G | ||
| 958 | _aNB | ||